01387nam a2200301 i 4500001000300000003000900003005001700012008003900029015001700068035002100085040003500106080001000141100003800151245025300189246014100442260005600583300002100639336002700660337005300687338002800740380001700768504003600785650004000821650002400861700006000885710004200945856009800987bgKOSZ 00520200630132821.0080917s1958 pl f f 001 0 pol aPB 1958/3317 a(OCoLC)749572105 aWA NcKOSZ 005/HRdKOSZ 005/HR a517.91 aPogorzelski, Witoldd(1895-1963).10aRównania całkowe i ich zastosowania.nT. 2,pUkłady równań całkowych, równania całkowe nieliniowe, zastosowania równań całkowych w teorii równań różniczkowych /cWitold Pogorzelski. O twierdzeniu Schaudera / Roman Sikorski.30aUkłady równań całkowych, równania całkowe nieliniowe, zastosowania równań całkowych w teorii równań różniczkowych. aWarszawa :bPaństwowe Wydawnictwo Naukowe,c1958. a192 s. ;c24 cm. 2rdacontentaTekstbtxt 2rdamediaaBez urządzeniapośredniczącegobn 2rdacarrieraWoluminbnc aKsiążki. aBibliogr. s. [187]-188. Indeks. 4aRównania różniczkowexteoria. 4aRównania całkowe12aSikorski, Romand(1920-1983).tO twierdzeniu Schaudera.2 aPaństwowe Wydawnictwo Naukowe4pbl. uhttp://koha.tu.koszalin.pl/cgi-bin/koha/opac-detail.pl?biblionumber=10911yKatalog online BPK